Central Library OPAC University of Rajshahi

The earth's mantle / (Record no. 10646)

MARC details
000 -LEADER
fixed length control field 00724cam a22002411 4500
001 - CONTROL NUMBER
control field 10646
003 - CONTROL NUMBER IDENTIFIER
rucl marc code BD-RjUL
005 - DATE AND TIME OF LATEST TRANSACTION
control field 20211208235006.0
008 - FIXED-LENGTH DATA ELEMENTS--GENERAL INFORMATION
fixed length control field 140125s1967 enkad b 000 0 eng
035 ## - SYSTEM CONTROL NUMBER
System control number (BD-RjUL) 10694
040 ## - CATALOGING SOURCE
Original cataloging agency DLC
Transcribing agency DLC
Modifying agency DLC
-- BD-RjUL
Language of cataloging eng
041 ## - LANGUAGE CODE
Language code of text/sound track or separate title eng
082 00 - DEWEY DECIMAL CLASSIFICATION NUMBER
Classification number 551.116
Edition number 21
Author mark and year EAR 1967
245 14 - TITLE STATEMENT
Title The earth's mantle /
Statement of responsibility, etc. edited by T. F. Gaskell.
260 ## - PUBLICATION, DISTRIBUTION, ETC. (IMPRINT)
Place of publication, distribution, etc. London ;
-- New York :
Name of publisher, distributor, etc. Academic Press,
Date of publication, distribution, etc. 1967.
300 ## - PHYSICAL DESCRIPTION
Pagination xiv, 509 p. :
Illustrations charts, diagrs. ;
Size 23 cm.
504 ## - BIBLIOGRAPHY, ETC. NOTE
Bibliography, etc Includes bibliographies and index.
651 #0 - SUBJECT ADDED ENTRY--GEOGRAPHIC NAME
Geographic name Earth (Planet)
General subdivision Mantle.
9 (RLIN) 32713
700 ## - ADDED ENTRY--PERSONAL NAME
Personal name Gaskell, T. F.
Fuller form of name Thomas Frohock.
942 ## - ADDED ENTRY ELEMENTS (KOHA)
Source of classification or shelving scheme Dewey Decimal Classification
Koha item type Books
Holdings
Lost status Source of classification or shelving scheme Damaged status Not for loan Collection code Permanent Location Current Location Shelving location Date acquired Source of acquisition Cost, normal purchase price Total Checkouts Full call number Date last seen Copy number Koha item type
  Dewey Decimal Classification   Not For Loan Non-fiction Central Library, University of Rajshahi Central Library, University of Rajshahi Reading Room 29/07/1971 Zeitlinger 250.00   551.116 EAR 1967 25/01/2014 C-1 Books